1760 1667 1246 1380 1347 1627 1618 1130 1483 1979 1076 1475 1167 1948 1176 1168 1663 1612 1448 1292 1579 1950 1279 1350 1044 1099 1717 1369 1662 1718 1675 1774 1720 1247 1376 1963 1459 1151 1992 1500 1832 1157 1173 1433 1843 1673 1037 1855 1832 1925 1642 1163 1799 1839 1818 1827 1937 1198 1510 1945 1783 1871 1063 1577 1828 1103 1389 1570 1581 1978 1746 1048 1788 1793 1879 1651 1354 1482 1247 1314 1561 1544 1684 1137 1522 1664 1920 1951 1959 1004 1480 1499 1176 1253 1039 1498 1985 1550 1155 BCNSPRNW ULIB Ver.6.0+V

เปลี่ยนเป็นภาษาไทย

Change to English
 แสดงรายละเอียดบรรณานุกรม
  กลับหน้าหลัก

Brief Record : Get Marc (ISO 2709) : E-mail record : QR code < ปิดหน้าต่าง
LEADER : 00000nam a2200000Ia 4500
001    13399125427
003     ULIB
008    161101s2558 th a 000 0 tha d
020    ^a9786165519663
060 04 ^aWI140^bค152
245 00 ^aครบ ชัด ลึก เรื่องมะเร็งระบบทางเดินอาหาร /^cสาขาวิชาโรคระบบทางเดินอาหาร ภาควิชาอายุรศาสตร์ คณะแพทยศาสตร์จุฬาลงกรณ์มหาวิทยาลัย และ หน่วยทางเดินอาหาร โรงพยาบาลจุฬาลงกรณ์สภากาชาดไทย
246 30 ^aมะเร็งระบบทางเดินอาหาร
250    ^aพิมพ์ครั้งที่ 1
260    ^aกรุงเทพฯ :^bภาควิชาอายุรศาสตร์ คณะแพทยศาสตร์ จุฬาลงกรณ์มหาวิทยาลัย,^c2558
300    ^a144 หน้า :^bภาพประกอบ ;^c21 ซม.
505 2  ^aดูแลสุขภาพอย่างไร ไม่ให้เป็นมะเร็ง -- อาหาร ต้านมะเร็ง -- เมื่อไหร่ควรตรวจหามะเร็ง -- ทำอย่างไร เมื่อตรวจพบค่า ซี-อี-เอ (CEA) สูง --อยู่อย่างไร ห่างไกลมะเร็งหลอดอาหาร -- มะเร็งกระเพาะอาหารไม่น่ากลัวอย่างที่คิด -- มะเร็งลำไส้ใหญ่ รู้ได้อย่างไรว่าฉันไม่เป็น --ในวันที่ฉันรู้ว่า มีก้อนในตับ แล้วจะเป็นมะเร็งหรือไม่ -- มะเร็งท่อน้ำดีมะเร็งที่คนไทยเป็นมากที่สุดในโลก -- มะเร็งตับอ่อน ภัยเงียบที่ควรระวัง --ต่อสู้กับมะเร็ง ความจริงและความเชื่อ -- การดูแลจิตใจของผู้ป่วยวิกฤตเรื้อรัง ระยะท้ายและของผู้ดูแลนั้นสำคัญมากเพราะอะไร --การดูแลแบบประคับปรคอง หรือ Palliative care หรือ ชีวภิบาล คืออะไร?
650  4 ^aมะเร็ง ^xการป้องกันและควบคุม
650  4 ^aระบบทางเดินอาหาร, โรค
710 2  ^aจุฬาลงกรณ์มหาวิทยาลัย.^bคณะแพทยศาสตร์.^bภาควิชาอายุรศาสตร์.^bสาขาวิชาโรคระบบทางเดินอาหาร
710 2  ^aโรงพยาบาลจุฬาลงกรณ์.^bหน่วยทางเดินอาหาร
945    ^p200^l0^i24950
945    ^p200^l0^i24951
995    ^aกัณชพร
999    ^aกัณชพร
รายการนี้ยังไม่มีแท็ก
คุณยังไม่ได้ล็อกอิน คุณสามารถมีกิจกรรมร่วมกับเว็บไซต์ได้ แต่ต้องล็อกอินก่อน ::
  ล็อกอิน

รายการสื่อสารสนเทศ

ลำดับที่ ประเภท เลขเรียก/บาร์โค้ด สถานที่ สถานะ
1. หนังสือสำรอง
หนังสือสำรอง
สถานะ=หนังสือเก่า
WI140 ค152 ฉ.1 
  Barcode: 24950
ห้องสมุดวิทยาเขตนครสวรรค์
►ส่วนจัดเก็บหนังสือเก่า นว.
บนชั้น
  ขอยืม
2. วิทยาศาสตร์การแพทย์ และสุขภาพ
วิทยาศาสตร์การแพทย์ และสุขภาพ
สถานะ=หนังสือเก่า
WI140 ค152 ฉ.2 
  Barcode: 24951
ห้องสมุดวิทยาเขตนครสวรรค์
►ส่วนจัดเก็บหนังสือเก่า นว.
บนชั้น
  ขอยืม

รายการใกล้เคียง
    หัวเรื่อง [ระบบทางเดินอาหาร, โรค]

BibComment


ยังไม่เคยถูกคอมเมนท์

คอมเมนท์ทรัพยากรรายการนี้
  คอมเมนท์: ครบ ชัด ลึก เรื่..


 Copyright 2026. Bcnsprnw @Library